<A> technique for estimating the discount rate in Pindyck's stochastic model of nonrenewable ressource extraction.

Zostavenie empiricky verifikovateľného modelu ekonomického chovania sa samostatnej firmy, zameranej na rozšírenie ložiska ropy. Vytváranie vzťahov medzi ekonomickým modelovaním a štatistickými metódami, ktoré vyplývajú zo stochastickej optimalizácie. Výsledky hodnotenia Pindykovho modelu získané na...

ver descrição completa

Na minha lista:
Detalhes bibliográficos
Autor principal: Mcdonald, A.D
Formato: Capítulo de Livro
Idioma:inglês
Assuntos:
Tags: Adicionar Tag
Sem tags, seja o primeiro a adicionar uma tag!

MARC

LEADER 00000naa a2200000 4500
001 r006501
005 20221213084236.7
041 0 |a eng 
044 |a US 
245 1 0 |a <A> technique for estimating the discount rate in Pindyck's stochastic model of nonrenewable ressource extraction.  |c A.D. Mcdonald 
520 |a Zostavenie empiricky verifikovateľného modelu ekonomického chovania sa samostatnej firmy, zameranej na rozšírenie ložiska ropy. Vytváranie vzťahov medzi ekonomickým modelovaním a štatistickými metódami, ktoré vyplývajú zo stochastickej optimalizácie. Výsledky hodnotenia Pindykovho modelu získané na základe metódy podmienených najmenších štvorcov. 
610 2 0 |a ťažba surovín 
610 2 0 |a nafta 
610 2 0 |a metóda štvorcov najmenších 
610 2 0 |a modely ekonomické 
610 2 0 |a metódy štatistické 
610 2 0 |a optimalizácia 
610 2 0 |a eskont 
100 1 |a Mcdonald, A.D.